| 000 | 00821nam a2200241 a 4500 | ||
|---|---|---|---|
| 001 | 13131 | ||
| 003 | BD-JhCC | ||
| 005 | 20230712084714.0 | ||
| 008 | 230623s2023 bg a|||| |a|| 000 0 ben d | ||
| 020 | _a9789849721376 | ||
| 035 | _a(BD-JhCC)13131 | ||
| 040 |
_aBD-JhCC _dBD-JhCC |
||
| 041 | _aben | ||
| 082 |
_a500 _bKYM 2023 |
||
| 100 | _aকাইয়ুম, আব্দুল | ||
| 245 |
_aপ্রশ্নোত্তরে বিজ্ঞানের কী ও কেন ? / _cআব্দুল কাইয়ুম |
||
| 260 |
_aঢাকা : _bপ্রথমা প্রকাশ, _c২০২৩. |
||
| 300 |
_a১৩৫ p. : _bill. ; _c২১ সেমি.. |
||
| 504 | _aগ্রন্থপঞ্জি সংযোজিত। | ||
| 650 | _aScience | ||
| 942 |
_2ddc _cBK _01 |
||
| 999 |
_c13131 _d13131 |
||